[Event "Grand Pacific op"]
[Site "Victoria CAN"]
[Date "2012.04.07"]
[Round "2"]
[White "Cheng, Jack"]
[Black "Laceste, Loren"]
[Result "1/2-1/2"]
[WhiteElo "1960"]
[BlackElo "2318"]
[PlyCount "117"]
[GameId "2160767909509862"]
[EventDate "2012.04.06"]
[EventType "swiss"]
[EventRounds "6"]
[EventCountry "CAN"]
[SourceTitle "CBM 147 Extra"]
[Source "ChessBase"]
[SourceDate "2012.04.24"]
[SourceVersion "1"]
[SourceVersionDate "2012.04.24"]
[SourceQuality "1"]

1. e4 c5 2. Nf3 Nc6 3. d4 cxd4 4. Nxd4 Nf6 5. Nc3 e5 6. Ndb5 d6 7. Bg5 a6 8. Na3 b5 9. Nd5 Be7 10. Bxf6 Bxf6 11. c3 Bg5 12. Nc2 Rb8 13. Bd3 g6 14. Nce3 O-O 15. O-O Kh8 16. Qe2 f5 17. f3 Bxe3+ 18. Nxe3 Be6 19. Kh1 Qb6 20. Rad1 f4 21. Nd5 Bxd5 22. exd5 Ne7 23. Be4 Rfc8 24. Qe1 Kg7 25. g3 Rf8 26. g4 Rbc8 27. Qh4 Rc7 28. Qe1 a5 29. h4 Ng8 30. g5 Ne7 31. Kg2 Nf5 32. Bxf5 Rxf5 33. b3 Rc8 34. Rc1 h6 35. gxh6+ Kxh6 36. Rh1 Kg7 37. Qe4 Rh8 38. Rcg1 Rhh5 39. Kf1 Kf7 40. Rg4 Qc7 41. Rhg1 Qxc3 42. Rxg6 Qc1+ 43. Ke2 Qb2+ 44. Ke1 Qa1+ 45. Ke2 Qxa2+ 46. Ke1 Qa1+ 47. Ke2 Qb2+ 48. Kf1 Qc1+ 49. Ke2 Qe3+ 50. Kf1 Qxe4 51. fxe4 Rf6 52. Rg7+ Kf8 53. Ra7 Rf7 54. Rxa5 Rxh4 55. Ra8+ Ke7 56. Rg6 Rhh7 57. Re6+ Kd7 58. Ra7+ Kd8 59. Rxd6+ 1/2-1/2

[Event "Grand Pacific op"]
[Site "Victoria CAN"]
[Date "2012.04.07"]
[Round "2"]
[White "Davies, Lucas"]
[Black "Trochtchanovitch, Pavel"]
[Result "1/2-1/2"]
[WhiteElo "2171"]
[BlackElo "2038"]
[PlyCount "155"]
[GameId "2160767909509863"]
[EventDate "2012.04.06"]
[EventType "swiss"]
[EventRounds "6"]
[EventCountry "CAN"]
[SourceTitle "CBM 147 Extra"]
[Source "ChessBase"]
[SourceDate "2012.04.24"]
[SourceVersion "1"]
[SourceVersionDate "2012.04.24"]
[SourceQuality "1"]

1. e4 e5 2. Nf3 Nc6 3. Bb5 a6 4. Ba4 Nf6 5. O-O Be7 6. Re1 b5 7. Bb3 d6 8. c3 O-O 9. h3 Nb8 10. d4 Nbd7 11. Nbd2 Bb7 12. Bc2 Re8 13. Nf1 Bf8 14. Ng3 g6 15. Nh2 d5 16. dxe5 Nxe5 17. f4 Nc4 18. e5 Bc5+ 19. Kf1 Ne4 20. Nxe4 dxe4 21. b3 Qh4 22. Ng4 Nxe5 23. fxe5 Rxe5 24. Be3 Bxe3 25. Rxe3 Re6 26. Qe1 Qxe1+ 27. Raxe1 f5 28. Nf2 Rd8 29. R3e2 Kg7 30. Nd1 c5 31. Kf2 f4 32. Nb2 e3+ 33. Kg1 Red6 34. Rd1 g5 35. Rxd6 Rxd6 36. Kf1 h5 37. Nd3 c4 38. bxc4 bxc4 39. Nc5 Bc6 40. Ne4 Rd5 41. Re1 Rd8 42. Ke2 Bxe4 43. Bxe4 Rd2+ 44. Kf1 Rxa2 45. Bd5 Rc2 46. Bxc4 a5 47. Be2 Rxc3 48. Bxh5 Kf6 49. Ra1 Rc5 50. Bf3 Ke5 51. Ra4 Kf5 52. Ke2 Ke5 53. Kd3 Kf6 54. Kd4 Rb5 55. Kc4 Re5 56. Ra2 Ke6 57. Rb2 Kf6 58. Rb6+ Kf7 59. Rb7+ Kf6 60. Rb6+ Kf7 61. Rb5 Re7 62. Be2 Rc7+ 63. Kd3 Ra7 64. Rxg5 Kf6 65. Rc5 a4 66. Rc2 Kg5 67. Ke4 a3 68. Ra2 Ra4+ 69. Kf3 Kh4 70. Bd1 Rd4 71. Bb3 Rd2 72. Rxd2 exd2 73. Ke2 Kg3 74. Kxd2 f3 75. gxf3 Kxf3 76. Kc2 Kg3 77. Be6 Kh4 78. Kb3 1/2-1/2

[Event "Grand Pacific op"]
[Site "Victoria CAN"]
[Date "2012.04.07"]
[Round "2"]
[White "Dimitrijevic, Darko"]
[Black "Maisuradze, Nino"]
[Result "0-1"]
[WhiteElo "2258"]
[BlackElo "2320"]
[PlyCount "70"]
[GameId "2160767909509864"]
[EventDate "2012.04.06"]
[EventType "swiss"]
[EventRounds "6"]
[EventCountry "CAN"]
[SourceTitle "CBM 147 Extra"]
[Source "ChessBase"]
[SourceDate "2012.04.24"]
[SourceVersion "1"]
[SourceVersionDate "2012.04.24"]
[SourceQuality "1"]

1. e4 c5 2. Nf3 Nc6 3. c3 Nf6 4. e5 Nd5 5. Na3 d6 6. exd6 Qxd6 7. Nc4 Qc7 8. d3 Bg4 9. Ne3 Nxe3 10. Bxe3 e6 11. Be2 Bd6 12. h3 Bh5 13. Qa4 O-O 14. g4 Bg6 15. Nh4 b5 16. Qc2 Ne7 17. O-O-O b4 18. cxb4 Rfc8 19. bxc5 Qa5 20. Kb1 Bxc5 21. Bxc5 Rxc5 22. Qd2 Qa4 23. Nxg6 hxg6 24. b3 Rb8 25. d4 Ra5 26. Qb2 Qc6 27. Bc4 Ra4 28. Be2 Nd5 29. Rc1 Qd6 30. Ka1 Ra3 31. Rc5 Rbxb3 32. Qxb3 Rxb3 33. axb3 Nf4 34. Rc2 Qxd4+ 35. Ka2 Qe4 0-1

[Event "Grand Pacific op"]
[Site "Victoria CAN"]
[Date "2012.04.07"]
[Round "2"]
[White "Haynes, Nicolas"]
[Black "Cao, Jason"]
[Result "1/2-1/2"]
[WhiteElo "2192"]
[BlackElo "1977"]
[PlyCount "95"]
[GameId "2160767909509865"]
[EventDate "2012.04.06"]
[EventType "swiss"]
[EventRounds "6"]
[EventCountry "CAN"]
[SourceTitle "CBM 147 Extra"]
[Source "ChessBase"]
[SourceDate "2012.04.24"]
[SourceVersion "1"]
[SourceVersionDate "2012.04.24"]
[SourceQuality "1"]

1. d4 Nf6 2. c4 g6 3. Nc3 Bg7 4. Nf3 d6 5. g3 O-O 6. Bg2 Nc6 7. O-O a6 8. b3 Rb8 9. Nd5 Nxd5 10. cxd5 Nb4 11. e4 a5 12. a3 Na6 13. h3 c6 14. dxc6 bxc6 15. Rb1 c5 16. Be3 Bb7 17. d5 Nc7 18. a4 f5 19. Ng5 h6 20. Ne6 Nxe6 21. dxe6 fxe4 22. Qg4 Kh7 23. Bxe4 Bxe4 24. Qxe4 Rb4 25. Qd3 Qc8 26. Rfe1 Rf6 27. Bd2 Rd4 28. Qe3 Rf5 29. Bxa5 Re5 30. Qf3 Qxe6 31. Rxe5 dxe5 32. Bc3 e4 33. Qg4 Qxg4 34. hxg4 Rd6 35. Bxg7 Kxg7 36. Re1 Rd4 37. Rc1 e3 38. fxe3 Rb4 39. Rc3 c4 40. bxc4 Rxa4 41. Kf2 Kf6 42. Kf3 Ke5 43. c5 Ra7 44. c6 Rc7 45. e4 Kd6 46. Ke3 Rxc6 47. Rd3+ Ke6 48. Kf4 1/2-1/2

[Event "Grand Pacific op"]
[Site "Victoria CAN"]
[Date "2012.04.07"]
[Round "2"]
[White "Kenney, Jason"]
[Black "Lo, Ryan"]
[Result "1-0"]
[WhiteElo "2198"]
[BlackElo "2008"]
[PlyCount "123"]
[GameId "2160767909509866"]
[EventDate "2012.04.06"]
[EventType "swiss"]
[EventRounds "6"]
[EventCountry "CAN"]

1. d4 Nf6 2. c4 g6 3. Nc3 d5 4. Nf3 Bg7 5. Bg5 Ne4 6. cxd5 Nxg5 7. Nxg5 e6 8. Qd2 h6 9. Nf3 exd5 10. e3 Bf5 11. Bd3 Bxd3 12. Qxd3 c6 13. O-O O-O 14. b4 Qd6 15. b5 Nd7 16. bxc6 bxc6 17. Rab1 Nb6 18. Qa6 f5 19. Ne2 g5 20. Rfc1 Rfb8 21. Rb3 Qc7 22. Nd2 Bf8 23. Qd3 Qd7 24. Ng3 Na4 25. Qxf5 Qxf5 26. Nxf5 c5 27. dxc5 Nxc5 28. Rxb8 Rxb8 29. Rc2 Kh7 30. g4 a5 31. Kf1 a4 32. Ke2 a3 33. Nd4 Rb2 34. f3 Na6 35. Rxb2 axb2 36. Nb1 Nc5 37. Kd2 Na4 38. Kc2 Bg7 39. Kb3 Nb6 40. Kxb2 Nc4+ 41. Kc3 Nxe3 42. Kd3 Nd1 43. Nf5 Be5 44. h4 Kg6 45. h5+ Kh7 46. Ne7 d4 47. Nc6 Nb2+ 48. Kc2 d3+ 49. Kd2 Bf4+ 50. Kc3 Bc1 51. Nb4 d2 52. Nxd2 Na4+ 53. Kc2 Ba3 54. Kb3 Bc1 55. Kxa4 Bxd2 56. Kb5 Kg7 57. a4 Kf6 58. a5 Ke5 59. a6 Be3 60. Kc6 Ba7 61. Nd3+ Kd4 62. Kb7 1-0

[Event "Grand Pacific op"]
[Site "Victoria CAN"]
[Date "2012.04.07"]
[Round "2"]
[White "Patterson, Roger"]
[Black "Nakamura, Hikaru"]
[Result "0-1"]
[WhiteElo "2107"]
[BlackElo "2771"]
[PlyCount "88"]
[GameId "2160767909509867"]
[EventDate "2012.04.06"]
[EventType "swiss"]
[EventRounds "6"]
[EventCountry "CAN"]
[SourceTitle "CBM 147 Extra"]
[Source "ChessBase"]
[SourceDate "2012.04.24"]
[SourceVersion "1"]
[SourceVersionDate "2012.04.24"]
[SourceQuality "1"]

1. e4 c5 2. Nf3 d6 3. d4 cxd4 4. Nxd4 Nf6 5. Nc3 a6 6. f4 g6 7. Bd3 Bg7 8. Nf3 Qb6 9. Qe2 O-O 10. Rb1 Nc6 11. Be3 Qa5 12. O-O Bg4 13. h3 Bxf3 14. Qxf3 Nd7 15. Bd2 Rac8 16. g4 Nc5 17. Kg2 Nxd3 18. cxd3 Bxc3 19. Bxc3 Qxa2 20. Qf2 f6 21. Qb6 Nd8 22. Ra1 Qf7 23. f5 Rc5 24. Rf3 Rb5 25. Qe3 Nc6 26. Raf1 gxf5 27. gxf5 Qh5 28. Kh2 Kf7 29. Rg3 Ke8 30. Rf2 Kd8 31. d4 d5 32. exd5 Rxd5 33. Qe4 Qf7 34. Rg7 Qxg7 35. Qxd5+ Ke8 36. Rg2 Qf7 37. Qc5 Kd7 38. d5 Ne5 39. Bxe5 fxe5 40. d6 exd6 41. Rd2 Qe7 42. Qb6 Kc8 43. Qa7 Qc7 44. Qa8+ Qb8 0-1

[Event "Grand Pacific op"]
[Site "Victoria CAN"]
[Date "2012.04.07"]
[Round "2"]
[White "Phillips, Ryan"]
[Black "Moffat, Andrei"]
[Result "0-1"]
[WhiteElo "1972"]
[BlackElo "2172"]
[PlyCount "64"]
[GameId "2160767909509868"]
[EventDate "2012.04.06"]
[EventType "swiss"]
[EventRounds "6"]
[EventCountry "CAN"]

1. e4 c5 2. Nf3 Nc6 3. Nc3 e6 4. d4 cxd4 5. Nxd4 a6 6. Nxc6 bxc6 7. Bd3 d5 8. O-O Nf6 9. Bg5 Be7 10. e5 Nd7 11. Bxe7 Qxe7 12. Qg4 g6 13. Rfe1 Rb8 14. Rab1 O-O 15. g3 f6 16. exf6 Nxf6 17. Qe2 a5 18. Qe5 Bd7 19. h3 Rbe8 20. Bf1 Qc5 21. Bg2 Nh5 22. Re2 Rf5 23. Qc7 Rf7 24. Rf1 Ref8 25. Rd2 Bc8 26. Qe5 Rf5 27. Qd4 Qxd4 28. Rxd4 Ba6 29. g4 Bxf1 30. Bxf1 Rxf2 31. gxh5 Rxf1+ 32. Kg2 R8f2+ 0-1

[Event "Grand Pacific op"]
[Site "Victoria CAN"]
[Date "2012.04.07"]
[Round "2"]
[White "Radic, Dejan"]
[Black "Brodie, Hugh"]
[Result "1/2-1/2"]
[WhiteElo "1682"]
[BlackElo "1863"]
[PlyCount "83"]
[GameId "2160767909509869"]
[EventDate "2012.04.06"]
[EventType "swiss"]
[EventRounds "6"]
[EventCountry "CAN"]
[SourceTitle "hb 2012"]

1. e4 c5 2. Nc3 Nc6 3. f4 d6 4. Bb5 Bd7 5. Bxc6 Bxc6 6. Nf3 Nf6 7. d3 g6 8. O-O Bg7 9. Qe1 Qd7 10. Bd2 b5 11. Rb1 b4 12. Ne2 a5 13. Kh1 O-O 14. h3 Qb7 15. Qh4 h6 16. Ng3 Nh7 17. f5 g5 18. Bxg5 hxg5 19. Nxg5 Nxg5 20. Qxg5 f6 21. Qg4 Be8 22. h4 Kh7 23. Nh5 Bh6 24. Nf4 Rg8 25. Qf3 Bxf4 26. Qxf4 Bh5 27. Rg1 Rg4 28. Qf2 Rag8 29. g3 Qa8 30. Kh2 Qf8 31. Rbc1 Qh6 32. Rce1 Bf7 33. Ra1 R8g7 34. Kh3 Qh5 35. b3 Rg8 36. Raf1 R4g7 37. Re1 Qg4+ 38. Kh2 Qh5 39. Ref1 Rg4 40. Kh3 Kg7 41. Re1 Kf8 42. Ref1 1/2-1/2

[Event "Grand Pacific op"]
[Site "Victoria CAN"]
[Date "2012.04.07"]
[Round "2"]
[White "Rahemtulla, Adam"]
[Black "Herdin, Matthew"]
[Result "0-1"]
[WhiteElo "1286"]
[BlackElo "1822"]
[PlyCount "82"]
[GameId "2160767909509870"]
[EventDate "2012.04.06"]
[EventType "swiss"]
[EventRounds "6"]
[EventCountry "CAN"]

1. e4 d6 2. d4 Nf6 3. Nc3 g6 4. Nf3 Bg7 5. Bc4 c6 6. Bd3 Qc7 7. Ne2 Nbd7 8. O-O O-O 9. Re1 e5 10. dxe5 Nxe5 11. Nxe5 dxe5 12. Nc3 Be6 13. Bg5 h6 14. Bxf6 Bxf6 15. Qe2 Rad8 16. Red1 Rd4 17. Qe1 Rfd8 18. a3 a6 19. f3 Qe7 20. Qf2 c5 21. Be2 Bg5 22. Kh1 Bd2 23. Qg3 Bf4 24. Qf2 Bd2 25. Qg3 Bxc3 26. bxc3 Rxd1+ 27. Rxd1 Rxd1+ 28. Bxd1 Qd8 29. Qe1 Qg5 30. Be2 Qe3 31. Qd1 Qxc3 32. Qd3 Qe1+ 33. Bf1 b5 34. Kg1 Bc4 35. Qd8+ Kg7 36. h3 Qxf1+ 37. Kh2 Qf2 38. Qd6 Bf1 39. Qxe5+ Kh7 40. Qg3 Qxg3+ 41. Kxg3 b4 0-1

[Event "Grand Pacific op"]
[Site "Victoria CAN"]
[Date "2012.04.07"]
[Round "2"]
[White "Yoos, John"]
[Black "Daswani, Benedict"]
[Result "0-1"]
[WhiteElo "2344"]
[BlackElo "2014"]
[PlyCount "92"]
[GameId "2160767909509871"]
[EventDate "2012.04.06"]
[EventType "swiss"]
[EventRounds "6"]
[EventCountry "CAN"]
[SourceTitle "CBM 147 Extra"]
[Source "ChessBase"]
[SourceDate "2012.04.24"]
[SourceVersion "1"]
[SourceVersionDate "2012.04.24"]
[SourceQuality "1"]

1. e4 d6 2. d4 Nf6 3. Nc3 g6 4. Be3 c6 5. h3 Nbd7 6. f4 Qa5 7. Bd3 e5 8. Nf3 d5 9. fxe5 dxe4 10. exf6 exd3 11. O-O Nxf6 12. Qe1 Be6 13. Ne4 Qd8 14. Nxf6+ Qxf6 15. Bg5 Qf5 16. Qe3 h6 17. g4 Qd5 18. Bf6 Rh7 19. Qxd3 Bg7 20. Bh4 h5 21. Rae1 hxg4 22. Rxe6+ Qxe6 23. Re1 Qxe1+ 24. Bxe1 gxf3 25. Qe4+ Kf8 26. h4 Rh5 27. Bg3 Rf5 28. c3 Bf6 29. Bd6+ Kg7 30. Kf2 Rh8 31. Bg3 Rd8 32. h5 Rd7 33. hxg6 fxg6 34. Bh4 Bxh4+ 35. Qxh4 Rdf7 36. c4 Rh5 37. Qg3 Kh6 38. Qb8 Kg7 39. Qd6 Rg5 40. b4 Rg2+ 41. Kf1 Re2 42. d5 f2 43. Kxe2 f1=Q+ 44. Ke3 Qf2+ 45. Ke4 Qf3+ 46. Kd4 Rf4+ 0-1

[Event "Grand Pacific op"]
[Site "Victoria CAN"]
[Date "2012.04.07"]
[Round "3"]
[White "Brodie, Hugh"]
[Black "Lundy, George"]
[Result "1-0"]
[WhiteElo "1863"]
[BlackElo "1562"]
[PlyCount "79"]
[GameId "2160767909509872"]
[EventDate "2012.04.06"]
[EventType "swiss"]
[EventRounds "6"]
[EventCountry "CAN"]
[SourceTitle "hb 2012"]

1. f4 d5 2. e3 g6 3. Nf3 Bg7 4. d4 Nf6 5. c4 O-O 6. Nc3 c6 7. Bd3 Bg4 8. O-O e6 9. Qe1 Nh5 10. Ne5 Bf5 11. Be2 Nf6 12. g4 Be4 13. g5 Nfd7 14. Nxe4 dxe4 15. b3 f5 16. gxf6 Qxf6 17. Ba3 Re8 18. Bd6 Nxe5 19. Bxe5 Qe7 20. Bxg7 Kxg7 21. Qb1 Nd7 22. Qxe4 Qf6 23. Kh1 Qf5 24. Bf3 Re7 25. Rg1 Rae8 26. Rg5 Qxe4 27. Bxe4 Nf8 28. Rag1 Kf6 29. Kg2 Rg7 30. Kf3 Ree7 31. Ra5 b6 32. Rag5 h6 33. R5g3 Rc7 34. Rh3 Rh7 35. Rhg3 Rhg7 36. h4 c5 37. d5 exd5 38. Bxd5 h5 39. e4 Rce7 40. e5+ 1-0

[Event "Grand Pacific op"]
[Site "Victoria CAN"]
[Date "2012.04.07"]
[Round "3"]
[White "Cao, Jason"]
[Black "Davies, Lucas"]
[Result "1/2-1/2"]
[WhiteElo "1977"]
[BlackElo "2171"]
[PlyCount "69"]
[GameId "2160767909509873"]
[EventDate "2012.04.06"]
[EventType "swiss"]
[EventRounds "6"]
[EventCountry "CAN"]
[SourceTitle "CBM 147 Extra"]
[Source "ChessBase"]
[SourceDate "2012.04.24"]
[SourceVersion "1"]
[SourceVersionDate "2012.04.24"]
[SourceQuality "1"]

1. e4 c6 2. d4 d5 3. e5 Bf5 4. Nf3 e6 5. Be2 c5 6. O-O Nc6 7. c3 Qc7 8. Be3 Bg4 9. Nbd2 Nge7 10. h3 Bxf3 11. Nxf3 Nf5 12. Rc1 Be7 13. Bd3 Nxe3 14. fxe3 O-O 15. Qe2 Qb6 16. Kh1 f6 17. exf6 Bxf6 18. dxc5 Qxc5 19. e4 Qd6 20. Rce1 Ne5 21. Nxe5 Qxe5 22. Qg4 Be7 23. exd5 Rxf1+ 24. Rxf1 exd5 25. Qf5 Qxf5 26. Rxf5 Rd8 27. Rxd5 Rxd5 28. Bc4 Kf8 29. Bxd5 b6 30. g4 Bg5 31. Kg2 Bc1 32. b3 Bb2 33. c4 Ke7 34. Kf3 h6 35. Ke4 1/2-1/2

[Event "Grand Pacific op"]
[Site "Victoria CAN"]
[Date "2012.04.07"]
[Round "3"]
[White "Daswani, Benedict"]
[Black "Kenney, Jason"]
[Result "0-1"]
[WhiteElo "2014"]
[BlackElo "2143"]
[PlyCount "78"]
[GameId "2160767909509874"]
[EventDate "2012.04.06"]
[EventType "swiss"]
[EventRounds "6"]
[EventCountry "CAN"]
[SourceTitle "CBM 147 Extra"]
[Source "ChessBase"]
[SourceDate "2012.04.24"]
[SourceVersion "1"]
[SourceVersionDate "2012.04.24"]
[SourceQuality "1"]

1. g3 c5 2. Bg2 Nc6 3. d3 g6 4. Nf3 Bg7 5. O-O e6 6. c3 d5 7. Qc2 Nge7 8. a3 O-O 9. Nbd2 Rb8 10. Rb1 a5 11. b4 cxb4 12. axb4 axb4 13. cxb4 Bd7 14. b5 Na7 15. b6 Nb5 16. Qc5 Nc3 17. Ba3 Nxb1 18. Rxb1 Re8 19. e4 Bc6 20. Qe3 Ra8 21. Bc5 e5 22. d4 exd4 23. Nxd4 Ra5 24. N2b3 Ra8 25. e5 Ba4 26. Bh3 Nc6 27. f4 Nxd4 28. Nxd4 Bd7 29. Bg2 Bf5 30. Nxf5 gxf5 31. Bd6 Qxd6 32. exd6 Rxe3 33. Bxd5 Rd8 34. Bxb7 Rxd6 35. Bc6 Bd4 36. Kg2 Rxc6 37. b7 Ba7 38. Ra1 Bb8 39. Ra8 Re8 0-1

[Event "Grand Pacific op"]
[Site "Victoria CAN"]
[Date "2012.04.07"]
[Round "3"]
[White "Maisuradze, Nino"]
[Black "Sanetullaev, Alisher"]
[Result "1-0"]
[WhiteElo "2346"]
[BlackElo "2150"]
[PlyCount "43"]
[GameId "2160767909509875"]
[EventDate "2012.04.06"]
[EventType "swiss"]
[EventRounds "6"]
[EventCountry "CAN"]

1. d4 Nf6 2. c4 g6 3. Nc3 Bg7 4. e4 d6 5. f4 O-O 6. Nf3 c5 7. d5 e6 8. Be2 exd5 9. cxd5 Bg4 10. O-O a6 11. e5 Ne8 12. Ng5 Bxe2 13. Qxe2 Qe7 14. e6 Bxc3 15. bxc3 Nc7 16. Nxf7 Nxd5 17. f5 Nc6 18. fxg6 Qh4 19. gxh7+ Qxh7 20. Rf3 Rxf7 21. exf7+ Kf8 22. Qe6 1-0

[Event "Grand Pacific op"]
[Site "Victoria CAN"]
[Date "2012.04.07"]
[Round "3"]
[White "Moffat, Andrei"]
[Black "Kostadinov, George"]
[Result "1-0"]
[WhiteElo "2105"]
[BlackElo "2097"]
[PlyCount "79"]
[GameId "2160767909509877"]
[EventDate "2012.04.06"]
[EventType "swiss"]
[EventRounds "6"]
[EventCountry "CAN"]
[SourceTitle "CBM 147 Extra"]
[Source "ChessBase"]
[SourceDate "2012.04.24"]
[SourceVersion "1"]
[SourceVersionDate "2012.04.24"]
[SourceQuality "1"]

1. e4 c5 2. Nf3 d6 3. d4 cxd4 4. Nxd4 Nf6 5. Nc3 a6 6. Bd3 e5 7. Nb3 Nbd7 8. g4 h6 9. Rg1 g5 10. Qf3 Be7 11. Be3 b5 12. O-O-O Bb7 13. Kb1 b4 14. Nd5 Nxd5 15. exd5 Nf6 16. Bf5 a5 17. Qe2 Ba6 18. Qd2 Bc4 19. Bd3 Bxd5 20. Bb5+ Kf8 21. h4 a4 22. Nc1 Bf3 23. hxg5 Ne4 24. Qd3 hxg5 25. Ne2 Qa5 26. Bd2 Nxd2+ 27. Rxd2 Bb7 28. Ng3 d5 29. Nf5 Bc5 30. Rdd1 Qd8 31. Rh1 Qf6 32. Rxh8+ Qxh8 33. Bxa4 Rb8 34. Bb3 Qf6 35. Bxd5 Rd8 36. Qb5 Qb6 37. Rh1 Kg8 38. Qxb6 Bxb6 39. Bxb7 Bxf2 40. Bf3 1-0

[Event "Grand Pacific op"]
[Site "Victoria CAN"]
[Date "2012.04.07"]
[Round "3"]
[White "Nakamura, Hikaru"]
[Black "Gluckie, Jamin"]
[Result "1-0"]
[WhiteElo "2771"]
[BlackElo "2098"]
[PlyCount "61"]
[GameId "2160767909509878"]
[EventDate "2012.04.06"]
[EventType "swiss"]
[EventRounds "6"]
[EventCountry "CAN"]
[SourceTitle "CBM 147 Extra"]
[Source "ChessBase"]
[SourceDate "2012.04.24"]
[SourceVersion "1"]
[SourceVersionDate "2012.04.24"]
[SourceQuality "1"]

1. d4 e6 2. c4 f5 3. g3 Nf6 4. Bg2 Be7 5. Nf3 O-O 6. O-O d6 7. Nc3 a5 8. Qc2 Nc6 9. a3 e5 10. d5 Nb8 11. Ng5 Na6 12. Rb1 Kh8 13. Ne6 Bxe6 14. dxe6 Nc5 15. b4 axb4 16. axb4 Nxe6 17. Bxb7 Rb8 18. Bg2 e4 19. Rd1 c6 20. Bh3 g6 21. b5 Qc7 22. Bb2 Kg8 23. Qd2 Nc5 24. Ba1 Rfd8 25. e3 d5 26. cxd5 cxd5 27. Ne2 Nd3 28. Nf4 Ne5 29. Bg2 Qd6 30. Qc3 Nc4 31. Nxd5 1-0

[Event "Grand Pacific op"]
[Site "Victoria CAN"]
[Date "2012.04.07"]
[Round "3"]
[White "Raymer, Elliot"]
[Black "Han, Yiming"]
[Result "1/2-1/2"]
[WhiteElo "1715"]
[BlackElo "1926"]
[PlyCount "83"]
[GameId "2160767909509879"]
[EventDate "2012.04.06"]
[EventType "swiss"]
[EventRounds "6"]
[EventCountry "CAN"]

1. e4 e5 2. Nf3 Nc6 3. Bc4 Bc5 4. d3 d6 5. Nc3 h6 6. Be3 Bb6 7. h3 Nge7 8. O-O Be6 9. Bb3 Qd7 10. d4 exd4 11. Nxd4 O-O-O 12. Nxe6 fxe6 13. Qg4 d5 14. Bxb6 axb6 15. Rfd1 h5 16. Qxg7 Rdg8 17. Qf6 Rf8 18. Qh4 Ng6 19. Qg3 Rhg8 20. Qh2 Nf4 21. g3 e5 22. Rxd5 Nxd5 23. Nxd5 Nd4 24. Kg2 Nxb3 25. axb3 Kb8 26. Qg1 Qf7 27. f4 exf4 28. Nxb6 cxb6 29. Qxb6 Qg6 30. Qa7+ Kc7 31. Qc5+ Qc6 32. Qe7+ Kb8 33. Qe5+ Kc8 34. Qe7 Qxc2+ 35. Kh1 Kb8 36. Qd6+ Qc7 37. Ra8+ Kxa8 38. Qxc7 fxg3 39. Qa5+ Kb8 40. Qe5+ Kc8 41. Qe6+ Kc7 42. Qe7+ 1/2-1/2

[Event "Grand Pacific op"]
[Site "Victoria CAN"]
[Date "2012.04.07"]
[Round "3"]
[White "Sohal, Tanraj"]
[Black "Cheng, Jack"]
[Result "1/2-1/2"]
[WhiteElo "2096"]
[BlackElo "1960"]
[PlyCount "88"]
[GameId "2160767909509880"]
[EventDate "2012.04.06"]
[EventType "swiss"]
[EventRounds "6"]
[EventCountry "CAN"]
[SourceTitle "CBM 147 Extra"]
[Source "ChessBase"]
[SourceDate "2012.04.24"]
[SourceVersion "1"]
[SourceVersionDate "2012.04.24"]
[SourceQuality "1"]

1. d4 Nf6 2. c4 g6 3. Nc3 Bg7 4. e4 d6 5. Nf3 O-O 6. Be2 e5 7. O-O Nc6 8. d5 Ne7 9. Ne1 Nd7 10. Be3 f5 11. f3 f4 12. Bf2 g5 13. Rc1 Ng6 14. c5 dxc5 15. b4 b6 16. Nd3 c4 17. Nb2 Nf6 18. Nxc4 h5 19. b5 g4 20. d6 cxd6 21. Qxd6 Qxd6 22. Nxd6 Be6 23. Bc4 Bxc4 24. Nxc4 Rfd8 25. a4 Rac8 26. Na2 h4 27. h3 g3 28. Be1 Bf8 29. Bb4 Rd4 30. Bxf8 Rcxc4 31. Bb4 Nd7 32. Rxc4 Rxc4 33. Rc1 Rd4 34. Kf1 Ngf8 35. Ke2 Ne6 36. Rc2 Ndc5 37. Bxc5 bxc5 38. Nc3 Rb4 39. Ra2 Nd4+ 40. Kd3 Kf7 41. Nd5 Rb1 42. Nc3 Rb4 43. Nd5 Rb1 44. Nc3 Rb4 1/2-1/2

[Event "Grand Pacific op"]
[Site "Victoria CAN"]
[Date "2012.04.07"]
[Round "3"]
[White "Wu, Ruining (Ray)"]
[Black "Leblanc, Paul"]
[Result "1-0"]
[WhiteElo "1668"]
[BlackElo "1916"]
[PlyCount "105"]
[GameId "2160767909509882"]
[EventDate "2012.04.06"]
[EventType "swiss"]
[EventRounds "6"]
[EventCountry "CAN"]

1. d4 d5 2. c4 c6 3. Nf3 Nf6 4. Nc3 a6 5. e3 b5 6. b3 Bg4 7. Be2 Nbd7 8. h3 Bh5 9. O-O e6 10. cxd5 cxd5 11. Bb2 Bd6 12. Qd2 O-O 13. a4 b4 14. Na2 Ne4 15. Qe1 a5 16. Nd2 Bg6 17. f4 Qe7 18. Bd3 Ndf6 19. Nf3 Nh5 20. Bxe4 Bxe4 21. Qd2 Rac8 22. Rac1 Ng3 23. Rf2 Qb7 24. Kh2 Rxc1 25. Nxc1 Nf5 26. Nd3 Rc8 27. Rf1 Rc7 28. g4 Qc8 29. Nfe1 Ne7 30. Rf2 g5 31. Nc5 Bg6 32. Ned3 gxf4 33. Nxf4 e5 34. Nxg6 Nxg6 35. Kh1 e4 36. Rf5 Qa8 37. Qf2 Be7 38. Rh5 Qc6 39. Qf5 Qd6 40. Qf2 Qd8 41. Qf5 Qd6 42. Qf2 Bf6 43. Bc1 Rc6 44. Bd2 Qd8 45. Qf5 Qd6 46. Be1 Be7 47. Kg2 Rxc5 48. dxc5 Qxc5 49. Bf2 Qc2 50. Qxd5 Bh4 51. Rf5 Bxf2 52. Qxf7+ Kh8 53. Rxf2 1-0

[Event "Grand Pacific op"]
[Site "Victoria CAN"]
[Date "2012.04.08"]
[Round "4"]
[White "Cheng, Jack"]
[Black "Yoos, John"]
[Result "1/2-1/2"]
[WhiteElo "1960"]
[BlackElo "2344"]
[PlyCount "85"]
[GameId "2160767909509884"]
[EventDate "2012.04.06"]
[EventType "swiss"]
[EventRounds "6"]
[EventCountry "CAN"]
[SourceTitle "CBM 147 Extra"]
[Source "ChessBase"]
[SourceDate "2012.04.24"]
[SourceVersion "1"]
[SourceVersionDate "2012.04.24"]
[SourceQuality "1"]

1. e4 c5 2. Nf3 d6 3. d4 Nf6 4. Nc3 cxd4 5. Nxd4 Nc6 6. Be2 e5 7. Nb3 Be7 8. O-O O-O 9. Kh1 a5 10. a4 Be6 11. f4 Nb4 12. f5 Bd7 13. Bg5 Bc6 14. Bxf6 Bxf6 15. Nd5 Nxd5 16. exd5 Bd7 17. Nd2 e4 18. Nxe4 Bxb2 19. Rb1 Be5 20. f6 gxf6 21. Bb5 f5 22. Bxd7 Qxd7 23. Ng5 f4 24. Qd3 f5 25. Ne6 Rf7 26. Rb5 Qe7 27. Qh3 Qf6 28. Rfb1 Ra7 29. Qh5 Qg6 30. Qh4 Qf6 31. Qh5 Qg6 32. Qh4 Qf6 33. Qf2 Ra8 34. Rxb7 Rxb7 35. Rxb7 Qh6 36. h3 Rc8 37. Rb1 Kf7 38. Qa7+ Kf6 39. Qd7 Rxc2 40. Qd8+ Kg6 41. Qe8+ Kf6 42. Qh8+ Kg6 43. Qe8+ 1/2-1/2

[Event "Grand Pacific op"]
[Site "Victoria CAN"]
[Date "2012.04.08"]
[Round "4"]
[White "Davies, Lucas"]
[Black "Landingin, Jofrei"]
[Result "1-0"]
[WhiteElo "2217"]
[BlackElo "1821"]
[PlyCount "61"]
[GameId "2160767909509885"]
[EventDate "2012.04.06"]
[EventType "swiss"]
[EventRounds "6"]
[EventCountry "CAN"]

1. e4 d6 2. d4 g6 3. Nc3 Bg7 4. Be3 Nf6 5. h3 h5 6. Nf3 c6 7. Qd2 b5 8. Bd3 a6 9. Ne2 Nbd7 10. e5 dxe5 11. dxe5 Nd5 12. e6 Nf8 13. exf7+ Kxf7 14. Ng5+ Ke8 15. O-O-O Qd6 16. Be4 Bb7 17. c3 a5 18. Qc2 e5 19. Kb1 a4 20. h4 Bc8 21. Rhe1 Bg4 22. f3 Bd7 23. Bg1 Qf6 24. f4 Nxf4 25. Nxf4 Qxf4 26. Bxg6+ Kd8 27. Rf1 Qxh4 28. Qd2 Qg4 29. Bf5 Qxf5+ 30. Rxf5 Kc7 31. Rxf8 1-0